<?xml version="1.0" encoding="UTF-8"?>
<record
    xmlns:xsi="http://www.w3.org/2001/XMLSchema-instance"
    xsi:schemaLocation="http://www.loc.gov/MARC21/slim http://www.loc.gov/standards/marcxml/schema/MARC21slim.xsd"
    xmlns="http://www.loc.gov/MARC21/slim">

  <leader>01423nam a22002297a 4500</leader>
  <controlfield tag="003">DO-SdBNP</controlfield>
  <controlfield tag="005">20220509090231.0</controlfield>
  <controlfield tag="008">110301s2017    dr ac         000 0 spa d</controlfield>
  <datafield tag="020" ind1=" " ind2=" ">
    <subfield code="a">9789945597226</subfield>
  </datafield>
  <datafield tag="040" ind1=" " ind2=" ">
    <subfield code="a">DO-SdBNP</subfield>
    <subfield code="b">spa</subfield>
    <subfield code="c">BNPHU</subfield>
  </datafield>
  <datafield tag="082" ind1=" " ind2=" ">
    <subfield code="a">xxxx</subfield>
    <subfield code="b">xxx</subfield>
  </datafield>
  <datafield tag="110" ind1="1" ind2=" ">
    <subfield code="a">Comisi&#xF3;n Nacional Familia- vida</subfield>
    <subfield code="b">Conferencia del Episcopado Dominicano</subfield>
    <subfield code="9">81567</subfield>
  </datafield>
  <datafield tag="245" ind1="1" ind2="0">
    <subfield code="a">Camino hacia el matrimonio :</subfield>
    <subfield code="b">catequesis de preparaci&#xF3;n al sacramento del matrimonio /</subfield>
    <subfield code="c">presentaci&#xF3;n Valent&#xED;n Reynoso </subfield>
  </datafield>
  <datafield tag="260" ind1=" " ind2=" ">
    <subfield code="a">Santo Domingo :</subfield>
    <subfield code="b">Comisi&#xF3;n Nacional Familia-Vida, </subfield>
    <subfield code="b">Conferencia del episcopado dominicano,</subfield>
    <subfield code="c">2017.</subfield>
  </datafield>
  <datafield tag="300" ind1=" " ind2=" ">
    <subfield code="a">126 p. :</subfield>
    <subfield code="b">il., retr.</subfield>
    <subfield code="c">28 cm.</subfield>
  </datafield>
  <datafield tag="504" ind1=" " ind2=" ">
    <subfield code="a">Bibliograf&#xED;a p: 127</subfield>
  </datafield>
  <datafield tag="505" ind1="0" ind2=" ">
    <subfield code="t">Presentaci&#xF3;n --</subfield>
    <subfield code="t">Carta a los novios --</subfield>
    <subfield code="t">Introducci&#xF3;n --</subfield>
    <subfield code="t">Apertura --</subfield>
    <subfield code="t">El matrimonio no se improvisa --</subfield>
    <subfield code="t">Con&#xF3;cete a ti mismo --</subfield>
    <subfield code="t">&#xBF;Qui&#xE9;n eres t&#xFA; para m&#xED;? --</subfield>
    <subfield code="t">C&#xF3;mo se construye una pareja --</subfield>
    <subfield code="t">La comunicaci&#xF3;n: un estilo de vida --</subfield>
    <subfield code="t">Valoraci&#xF3;n de la sexualidad --</subfield>
    <subfield code="t">Ser padre y madre --</subfield>
    <subfield code="t">El matrimonio: vocaci&#xF3;n y sacramento --</subfield>
    <subfield code="t">Comunidad de bienes --</subfield>
    <subfield code="t">Dejar padre y madre --</subfield>
    <subfield code="t">La pareja en comunidad --</subfield>
    <subfield code="t">La pareja en comunidad --</subfield>
    <subfield code="t">Ley can&#xF3;nica y ley civil del matrimonio --</subfield>
    <subfield code="t">M&#xE9;todos naturales de control de la fertilidad --</subfield>
    <subfield code="t">Celebraci&#xF3;n lit&#xFA;rgica del matrimonio --</subfield>
    <subfield code="t">Ap&#xE9;ndice /</subfield>
  </datafield>
  <datafield tag="590" ind1=" " ind2=" ">
    <subfield code="a">Inventariado, 2022/ YL</subfield>
  </datafield>
  <datafield tag="700" ind1="1" ind2="2">
    <subfield code="a">Reynoso, Valent&#xED;n</subfield>
    <subfield code="e">pres.</subfield>
    <subfield code="9">81450</subfield>
  </datafield>
  <datafield tag="910" ind1=" " ind2=" ">
    <subfield code="a">YLockward</subfield>
  </datafield>
  <datafield tag="942" ind1=" " ind2=" ">
    <subfield code="2">ddc</subfield>
    <subfield code="c">LBS1</subfield>
  </datafield>
  <datafield tag="952" ind1=" " ind2=" ">
    <subfield code="0">0</subfield>
    <subfield code="1">0</subfield>
    <subfield code="2">ddc</subfield>
    <subfield code="5">3</subfield>
    <subfield code="7">0</subfield>
    <subfield code="8">PD</subfield>
    <subfield code="a">BNPHU</subfield>
    <subfield code="b">BNPHU</subfield>
    <subfield code="c">CT</subfield>
    <subfield code="d">2018-02-19</subfield>
    <subfield code="e">Amigo del hogar</subfield>
    <subfield code="l">0</subfield>
    <subfield code="o">xxxx xxx</subfield>
    <subfield code="p">2022-1854</subfield>
    <subfield code="r">2022-05-09</subfield>
    <subfield code="w">2022-05-09</subfield>
    <subfield code="y">LBS1</subfield>
  </datafield>
  <datafield tag="952" ind1=" " ind2=" ">
    <subfield code="0">0</subfield>
    <subfield code="1">0</subfield>
    <subfield code="2">ddc</subfield>
    <subfield code="5">3</subfield>
    <subfield code="7">0</subfield>
    <subfield code="8">PD</subfield>
    <subfield code="a">BNPHU</subfield>
    <subfield code="b">BNPHU</subfield>
    <subfield code="c">CT</subfield>
    <subfield code="d">2018-02-19</subfield>
    <subfield code="e">Amigo del hogar</subfield>
    <subfield code="l">0</subfield>
    <subfield code="o">xxxx xxx</subfield>
    <subfield code="p">2022-1855</subfield>
    <subfield code="r">2022-05-09</subfield>
    <subfield code="t">e. 2</subfield>
    <subfield code="w">2022-05-09</subfield>
    <subfield code="y">LBS1</subfield>
  </datafield>
  <datafield tag="999" ind1=" " ind2=" ">
    <subfield code="c">51659</subfield>
    <subfield code="d">51659</subfield>
  </datafield>
</record>
